00918cam a2200277 a 4500003000600000005001700006008004100023020001500064040000800079043001200087050001800099060001500117245008000132260006100212300002500273336002600298337002800324338002700352504003900379583000800418650005300426650003400479650004300513650005200556700003200608CaAEU20220321082751.0890608s1975 dcu b 1 0 eng d a0875530753 cDLC an-us---0 aRA790.6b.M46 0aWM30 M553400aMental health :bthe public health challenge /cE. James Lieberman, editor. aWashington :bAmerican Public Health Association,c1975. axx, 293 p. ;c23 cm. atextbtxt2rdacontent aunmediatedbn2rdamedia avolumebnc2rdacarrier aIncludes bibliographies and index.1 5AEU 0aCommunity mental health serviceszUnited States. 0aMental healthzUnited States. 2aCommunity Mental Health ServiceszU.S. 2aCommunity Mental Health ServicesxhistoryzU.S.1 aLieberman, E. James,d1934-